Vybrané kapitoly z pedagogiky výchova mimo vyučovania : predškolská pedagogika : výchovné poradenstvo

Bibliographic Details
Main Authors: Kominarec, Igor, 1949- (Author), Podhájecká, Mária, 1952-2021 (Author), Ihnacík, Jozef (Author)
Format: Book
Language:Slovak
PhysicalDescription:161 s. 21 cm
Published: Prešov Univerzita P. J. Šafárika 1996
ISBN:8070973358
Series:Vysokoškolské učebné texty / Univerzita P. J. Šafárika
Subjects:

MARC

LEADER 00000nam a2200000 a 4500
001 vtls001219907
003 SK-MaSNL
005 20260301194832.0
008 240509s1996 xo a r y slo
015 |a SNBA1996/1002932 
020 |a 8070973358  |c (800 výt.) 
035 |a SNK000164410 
035 |a urn:nbn:sk:snk-amkfb5 
035 |a urn:nbn:sk:snk-am003t4r 
035 |a FE849117-B08C-41B4-A74D-2D0CB39B4A38 
040 |a SNK  |b slo  |c SNK  |e AACR2 
041 0 |a slo 
044 |a xo  |c SK 
080 |a 37(075.8)  |2 1981 
100 1 |a Kominarec, Igor,  |d 1949-  |4 aut  |9 116801 
245 1 0 |a Vybrané kapitoly z pedagogiky  |b výchova mimo vyučovania : predškolská pedagogika : výchovné poradenstvo  |c Igor Kominarec, Mária Podhájecká, Jozef Ihnacík 
260 |a Prešov  |b Univerzita P. J. Šafárika  |c 1996 
300 |a 161 s.  |c 21 cm 
490 1 |a Vysokoškolské učebné texty / Univerzita P. J. Šafárika 
504 |a Bibliogr. 
650 0 7 |a pedagogika  |2 SNK  |9 955 
655 7 |a Textbooks (higher)  |2 SNKPHeng  |9 276436 
655 7 |a učebnice vysokých škôl  |2 SNKPH  |9 70191 
700 1 |a Podhájecká, Mária,  |d 1952-2021  |4 aut  |9 214904 
700 1 |a Ihnacík, Jozef  |4 aut  |9 6623 
830 0 |a Vysokoškolské učebné texty / Univerzita P. J. Šafárika  |9 575989 
919 |a 80-7097-335-8 
958 |a RM 
958 |a NB 
958 |a UV 
999 |c 883263  |d 885193 
952 |t P60, <09>, [BOOK], {629}  |a SNK  |b SNK  |y NEVYP  |7 0  |o snkC 1447  |i snk2768/960821  |0 0  |1 0  |4 0  |d 1996-08-20  |l 0  |r 2005-01-01 00:00:00  |w 2026-02-24 
952 |t P60, <03>, [BOOK], {603}  |a SNK  |b SNK  |y PREZ  |7 0  |p 17A0008208  |o snkSC 91070  |i snkKSP 6566/96  |0 0  |1 0  |4 0  |d 1996-08-20  |f 1  |l 0  |r 2025-09-10 00:00:00  |w 2026-02-24 
952 |t P60, <04>, [BOOK], {604}  |a SNK  |b SNK  |y VYP  |7 0  |p 17A0008207  |o snkSC 91070 D1  |i snkKSP 6567/96  |0 0  |1 0  |4 0  |d 1996-08-20  |l 0  |r 2005-01-01 00:00:00  |w 2026-02-24